000 00270nam a2200109Ia 4500
001 1276074
005 20260417160440.0
008 260417s9999 xx 000 0 und d
020 _a9786256792951
245 0 _aMinik Kızıl Gezgin
_cMargi Preus
260 _bKetebe Genç
999 _c1276074
_d1276074